00386nam a2200157Ia 4500001000500000005001700005008004100022041000800063082001600071100002400087245008500111260000900196300000700205650000800212654000800220389520260306145717.0260306t2002||||xx |||||||||||||| ||spa|| aESP a305.3bO648 aAbramo, LaíseAUT 0aCuestionando un mito:bcostos laborales de hombres y mujeres en América Latina c2002 ac aGEN aCHU